000 00413nam a22001217a 4500
082 _a220 PRO
100 _aNC Musab Abdul Raheem PC Najum Ul Saqib PC Tayyab Shehzad
_971302
245 _aPR-SOF-1758-Wearable Pulse Oximeter with Stress Measurement
260 _aISLAMABAD
_bNUST COLLEGE OF EME
_c2018
650 _a DE-ELECT-36 DECLASS
_971303
700 _a PROJECT SUPERVISOR Dr Tahir Zaidi
_971304
942 _cCR
999 _c577894
_d577894